000 00487nam a2200181Ia 4500
008 100917s9999 xx 000 0 und d
082 _b37706
100 _aसावंत शिवाजी
245 _aछावा
260 _bकॉन्टीनेन्टल प्रकाशन
_c1979
300 _a909
365 _b48
520 _aकादंबरी
630 _aछावा
650 _aकादंबरी
730 _aछावा
942 _cBOOK
999 _c643100
_d643097